Sínodos diocesanos del Arzobispado de Santiago de Chile: celebrados por los ilustrísimos señores doctor don Frai Bernardo Carrasco Saavedra i doctor don Manuel de Aldai i Aspee

Guardat en:
Dades bibliogràfiques
Format: Llibre
Idioma:espanyol
Publicat: Nueva York Eduardo Dunigan i Hermano 1858
Edició:1a. ed
Matèries:
Etiquetes: Afegir etiqueta
Sense etiquetes, Sigues el primer a etiquetar aquest registre!

MARC

LEADER 00000cam a2200000 a 4500
001 UCD2264
003 CL-VaPUC
008 160421e18580000us |||||||||||||||||spa|d
082 0 4 |a 262.4  |b SIN  |2 21 
245 1 0 |a Sínodos diocesanos del Arzobispado de Santiago de Chile: celebrados por los ilustrísimos señores doctor don Frai Bernardo Carrasco Saavedra i doctor don Manuel de Aldai i Aspee 
250 |a 1a. ed 
300 |a 422 p 
942 |c BK 
945 |d 20160421 23:07:00  |a dcastane 
260 |a Nueva York  |b Eduardo Dunigan i Hermano  |c 1858 
650 7 |a SINODOS DIOCESANOS  |2 CL-VaPUC  |9 513668 
583 |a last modification  |c 20160421 23:07:00  |k Rodrigo Vera 
999 |c 363427  |d 363425 
952 |0 0  |1 0  |3 erd  |4 0  |6 262_400000000000000_SIN_1858  |7 0  |8 X  |9 475749  |a BIBTEO  |b BIBTEO  |c TEO_FFR  |i 5225817  |o 262.4 SIN 1858  |p 5225817  |r 2024-01-18  |w 2019-11-24  |y BK_X  |z Catalogado en:20160421  |k OFM